Устройство оперативной диагностики насосных агрегатов; Молодежь и современные информационные технологии; Т. 2

Bibliographic Details
Parent link:Молодежь и современные информационные технологии: сборник трудов XIII Международной научно-практической конференции студентов, аспирантов и молодых ученых, г. Томск, 9-13 ноября 2015 г./ Национальный исследовательский Томский политехнический университет (ТПУ), Институт кибернетики (ИК) ; под ред. Т. Е. Мамоновой [и др.].— , 2016
Т. 2.— 2016.— [С. 128-129]
Main Author: Стариков Д. П. Дмитрий Павлович
Corporate Author: Национальный исследовательский Томский политехнический университет (ТПУ) Институт кибернетики (ИК) Кафедра интегрированных компьютерных систем управления (ИКСУ)
Other Authors: Рыбаков Е. А. Евгений Александрович, Громаков Е. И. Евгений Иванович
Summary:Заглавие с титульного экрана
Language:Russian
Published: 2016
Series:Информационные технологии в производстве и управлении
Subjects:
Online Access:http://earchive.tpu.ru/handle/11683/17005
Format: Electronic Book Chapter
KOHA link:https://koha.lib.tpu.ru/cgi-bin/koha/opac-detail.pl?biblionumber=617688

MARC

LEADER 00000naa2a2200000 4500
001 617688
005 20240207140331.0
035 |a (RuTPU)RU\TPU\conf\16001 
035 |a RU\TPU\conf\16000 
090 |a 617688 
100 |a 20160321d2016 k y0rusy50 ca 
101 0 |a rus 
102 |a RU 
105 |a y z 101zy 
135 |a drcn ---uucaa 
181 0 |a i  
182 0 |a b 
200 1 |a Устройство оперативной диагностики насосных агрегатов  |f Д. П. Стариков, Е. А. Рыбаков, Е. И. Громаков 
203 |a Текст  |c электронный 
225 1 |a Информационные технологии в производстве и управлении 
300 |a Заглавие с титульного экрана 
320 |a [Библиогр.: с. 129 (3 назв.)] 
337 |a Adobe Reader 
461 1 |0 (RuTPU)RU\TPU\conf\15701  |t Молодежь и современные информационные технологии  |o сборник трудов XIII Международной научно-практической конференции студентов, аспирантов и молодых ученых, г. Томск, 9-13 ноября 2015 г.  |o в 2 т.  |f Национальный исследовательский Томский политехнический университет (ТПУ), Институт кибернетики (ИК) ; под ред. Т. Е. Мамоновой [и др.]  |d 2016 
463 0 |0 (RuTPU)RU\TPU\conf\15706  |t Т. 2  |v [С. 128-129]  |d 2016 
610 1 |a труды учёных ТПУ 
610 1 |a электронный ресурс 
610 1 |a оперативная диагностика 
610 1 |a насосные агрегаты 
610 1 |a промышленные предприятия 
610 1 |a системы автоматического управления 
610 1 |a технологический прогресс 
700 1 |a Стариков  |b Д. П.  |c специалист в области информатики и вычислительной техники  |c лаборант Томского политехнического университета  |f 1991-  |g Дмитрий Павлович  |3 (RuTPU)RU\TPU\pers\33031 
701 1 |a Рыбаков  |b Е. А.  |c специалист в области информатики и вычислительной техники  |c лаборант кафедры Томского политехнического университета  |f 1992-  |g Евгений Александрович  |3 (RuTPU)RU\TPU\pers\32946 
701 1 |a Громаков  |b Е. И.  |c специалист в области автоматизированных систем управления  |c доцент Томского политехнического университета, кандидат технических наук  |f 1943-  |g Евгений Иванович  |3 (RuTPU)RU\TPU\pers\25727  |9 11629 
712 0 2 |a Национальный исследовательский Томский политехнический университет (ТПУ)  |b Институт кибернетики (ИК)  |b Кафедра интегрированных компьютерных систем управления (ИКСУ)  |3 (RuTPU)RU\TPU\col\18701 
801 2 |a RU  |b 63413507  |c 20160405  |g RCR 
856 4 |u http://earchive.tpu.ru/handle/11683/17005 
942 |c BK